|
|
|
|
| LEADER |
00873nam a2200229 a 4500 |
| 001 |
27670 |
| 003 |
BD-DhAAL |
| 005 |
20131109142153.0 |
| 008 |
131109s2013 bg ar f0 a0eng d |
| 040 |
|
|
|a BD-DhAAL
|c BD-DhAAL
|d BD-DhAAL
|
| 082 |
0 |
0 |
|a 354.549200722
|2 22
|
| 245 |
0 |
0 |
|a Annual Budget 2013-2014 :
|b consolidated fund receipts
|
| 260 |
|
|
|a Dhaka :
|b Ministry of Finance, Finance Division.
|c 2013
|
| 300 |
|
|
|a 287 p. :
|b ill. ;
|c 27 cm.
|
| 515 |
|
|
|a Report based on fiscal year.
|
| 541 |
|
|
|a 27670
|
| 650 |
|
0 |
|a Budget
|z Bangladesh
|9 3504
|
| 710 |
2 |
|
|a Ministry of Finance,Finance Division
|9 3505
|
| 852 |
1 |
|
|a Ayesha Abed Library
|j General shelf
|
| 942 |
|
|
|2 ddc
|c BK
|
| 999 |
|
|
|c 14083
|d 14083
|
| 952 |
|
|
|0 0
|1 0
|2 ddc
|4 0
|6 354_549200722000000_ANN
|7 0
|9 23673
|a BRACUL
|b BRACUL
|c GEN
|d 2013-11-09
|e Development Book Agency
|g 600.00
|l 0
|o 354.549200722 ANN
|p 3010027670
|r 2013-11-09
|t 1
|w 2013-11-09
|y BK
|